000
00280nam a2200109Ia 4500
008
220120s9999||||xx |||||||||||||| ||und||
100
_a
Perry, Douglas, L
245
0
_a
VHDL Programming by example
260
_a
Tata mcgraw hill
_b
Delhi
_c
2002
300
_b
295
650
_a
CHEMISTRY
999
_c
132069
_d
132069